Pub Alphonse Robichu - Statistiques

Statistiques générales
  • Ce quiz a été pris 11 fois
  • Le résultat moyen est 29 sur 40
Statistiques - réponses
Mot % Correct
à
100%
Alphonse
100%
à
83%
Alphonse
83%
climatiseurs
83%
conduits
83%
de
83%
de
83%
d'étanchéité
83%
d'évacuation
83%
est
83%
Joints
83%
le
83%
morgue
83%
pour
83%
pour
83%
Robichu
83%
climatiseur
67%
conduits
67%
de
67%
de
67%
de
67%
Dépêchez-vous
67%
d'étanchéité
67%
d'évacuation
67%
fait
67%
gratuitement
67%
joints
67%
limmitée
67%
l'offre
67%
morgue
67%
obtenez
67%
Robichu
67%
tout
67%
17
50%
18ème
50%
cette
50%
chez
50%
l'achat
50%
semaine
50%
Aucun quiz correspondant
Distribution des résultats
% des personnes avec chaque résultat
Percentile par nombre de réponses
Votre historique - résultats
Vous n’avez pas pris ce quiz